000 00715nab a2200181 4500
001 244442
003 OSt
005 20230616084405.0
007 tu
008 200917s2020|||||||
040 _aDE-2950
_cDE-2950
245 0 0 _aBaden auf eigene Gefahr nicht möglich.
_bSicherheit. Warum müssen die Zäune am abgesperrten Helenesee weiter stehen bleiben? Bei einem Vor-Ort-Termin informierten die Stadt und das Bergbauamt über diese und weitere Fragen - und gaben einen Ausblick auf die nächsten Schritte /
_cThomas Gutke
264 _c2023
653 _aFrankfurt (Oder)
653 _aHelenesee
773 0 _g34. Jahrgang (2023) Nr. 133 vom 10.06.2023, S. 17: mit Foto
_tMärkische Oderzeitung
942 _2z
_cA
999 _c372544
_d372544